|
|
|
|
| LEADER |
00922nam a2200241 a 4500 |
| 001 |
GR-MES362 |
| 008 |
991111s nyu 000 b eng d |
| 020 |
|
|
|a 0442004176
|
| 040 |
|
|
|a GrPaTEI
|b gre
|c GR-PaULI
|
| 245 |
0 |
0 |
|a Genetics for fish hatchery managers.
|
| 250 |
|
|
|a 2η
|
| 260 |
|
|
|a New York :
|b Van Nontrand Reinhold,
|c c1993
|
| 300 |
|
|
|a xiv, 415σελ. :
|b εικ.,πιν.
|
| 504 |
|
|
|a Βιβλιογραφία: σελ.353-415
|
| 650 |
|
4 |
|a Ψάρια-Αναπαραγωγή
|
| 650 |
|
4 |
|a Ψάρια-Γενετική
|
| 650 |
|
4 |
|a Ψάρια-Ιχθυοτροφεία
|
| 700 |
1 |
|
|a Tave, Douglas
|
| 710 |
0 |
|
|a Van Nontrand Reinhold
|
| 942 |
|
|
|2 ddc
|
| 952 |
|
|
|0 0
|1 0
|2 ddc
|4 0
|6 639_300000000000000_ΤAV
|7 0
|9 263584
|a MSLG
|b MSLG
|c BSC
|d 2021-01-17
|e 24
|f 0
|g 0.00
|l 0
|o 639.3 ΤAV
|p 2420000003708
|r 2021-01-17 00:00:00
|t 1
|w 2021-01-17
|y BK15
|x 19991111 0 1
|x GrPaTEI
|
| 971 |
|
|
|a .b2571403x
|b 15-04-20
|c 13-09-16
|
| 999 |
|
|
|c 151744
|d 151744
|